[Event "TOP 12 Feminin_GroupeB"]
[Site "CHARTRES, France"]
[Date "2024.05.10"]
[Round "2.7"]
[White "BONVALOT, Isabelle"]
[Black "CORNILEAU, Juliette"]
[Result "1/2-1/2"]
[WhiteElo "1924"]
[BlackElo "1986"]
[PlyCount "103"]
[EventDate "2024.??.??"]
[WhiteTeam "Clichy"]
[BlackTeam "Marseille"]

1. e4 {5255} e5 {240} 2. Nc3 {141} Nc6 {85} 3. Bc4 {10} Nf6 {39} 4. d3 {26} Bc5
{92} 5. f4 {35} h5 {157} 6. Nf3 {72} Ng4 {78} 7. Qe2 {667} Nd4 {126} 8. Nxd4 {
186} exd4 {10} 9. Nd1 {377} Qh4+ {75} 10. g3 {76} Qh3 {107} 11. Qf3 {199} h4 {
410} 12. Nf2 {173} Nxf2 {36} 13. Kxf2 {25} hxg3+ {267} 14. Qxg3 {265} Qh7 {47}
15. f5 {284} Bd6 {1073} 16. Bf4 {58} Bxf4 {28} 17. Qxf4 {2} d6 {53} 18. Rag1 {
309} Bd7 {368} 19. Qg5 {182} Kf8 {71} 20. h4 {560} Qh6 {393} 21. Kf3 {218} Re8
{306} 22. Qxh6 {159} Rxh6 {33} 23. Rg3 {106} Rf6 {480} 24. h5 {74} d5 {249} 25.
Bxd5 {236} Bxf5 {44} 26. Kg2 {97} c6 {160} 27. Bb3 {42} Be6 {243} 28. Rf3 {89}
Rxf3 {84} 29. Kxf3 {4} Bxb3 {24} 30. axb3 {9} Re5 {83} 31. h6 {39} gxh6 {124}
32. Rxh6 {10} Rc5 {83} 33. Rh2 {49} a5 {84} 34. Kf4 {93} Rb5 {263} 35. e5 {33}
Ke7 {211} 36. Ke4 {66} Rb4 {21} 37. Rf2 {131} a4 {213} 38. bxa4 {10} Rxa4 {18}
39. Rf6 {155} Ra2 {29} 40. Kxd4 {23} Rxb2 {2} 41. c4 {32} Re2 {45} 42. c5 {159}
Re1 {27} 43. Rf4 {102} Re2 {76} 44. Rf1 {57} Rb2 {63} 45. Ke3 {53} Rb3 {37} 46.
Ke4 {6} Rb2 {8} 47. d4 {11} Re2+ {31} 48. Kd3 {18} Rb2 {6} 49. Kc3 {22} Rb5 50.
Kc4 {184} Rb2 {7} 51. Ra1 {46} Ke6 {40} 52. Rf1 {85} 1/2-1/2

[Event "TOP 12 Feminin_GroupeB"]
[Site "CHARTRES, France"]
[Date "2024.05.10"]
[Round "2.8"]
[White "PERLES, Eva"]
[Black "MONTIER, Mathilde"]
[Result "1-0"]
[WhiteElo "1710"]
[BlackElo "1199"]
[PlyCount "43"]
[EventDate "2024.??.??"]
[WhiteTeam "Marseille"]
[BlackTeam "Clichy"]

1. d4 {256} d5 {6} 2. c4 {6} c6 {16} 3. Nc3 {24} Nf6 {23} 4. cxd5 {18} cxd5 {28
} 5. Bg5 {44} e6 {118} 6. e3 {18} Be7 {49} 7. Bd3 {27} h6 {143} 8. Bf4 {93} Nc6
{111} 9. Nf3 {236} a6 {156} 10. O-O {22} Bd6 {302} 11. Ne5 {1} Qc7 {228} 12.
Rc1 {126} Bd7 {203} 13. Na4 {1348} Ne4 {747} 14. Qh5 {698} g6 {329} 15. Nxg6 {
164} fxg6 {53} 16. Qxg6+ {15} Kd8 {62} 17. Bxe4 {44} Bxf4 {35} 18. Qf6+ {21}
Kc8 {120} 19. Qxh8+ {31} Qd8 {27} 20. Nb6+ {92} Kb8 {17} 21. Qg8 {41} Qxg8 22.
exf4 {184} 1-0

[Event "TOP 12 Feminin_GroupeB"]
[Site "CHARTRES, France"]
[Date "2024.05.10"]
[Round "2.9"]
[White "HAROUTYUNYAN, Erika"]
[Black "BUKSA, Nataliya"]
[Result "0-1"]
[WhiteElo "1501"]
[BlackElo "2383"]
[PlyCount "66"]
[EventDate "2024.??.??"]
[WhiteTeam "Strasbourg"]
[BlackTeam "Chalons en Champagne"]

1. e4 {1} e5 {13} 2. Nf3 {6} Nc6 {5} 3. Bc4 {5} Nf6 {49} 4. d3 {10} Bc5 {33} 5.
c3 {14} d6 {49} 6. Bb3 {486} h6 {108} 7. Nbd2 {73} a5 {178} 8. O-O {566} O-O {
163} 9. Re1 {803} Ba7 {218} 10. h3 {815} Ne7 {84} 11. d4 {166} Ng6 {113} 12.
Nc4 {410} exd4 {901} 13. cxd4 {590} a4 {29} 14. Bxa4 {354} Nxe4 {138} 15. Bc2 {
960} Nf6 {300} 16. Bxg6 {144} fxg6 {4} 17. Qd3 {266} Bf5 {131} 18. Qb3 {50} Kh7
{4} 19. Qxb7 {55} Be4 {703} 20. Rxe4 {5} Nxe4 {22} 21. Qxe4 {4} d5 {5} 22. Qc2
{63} dxc4 {5} 23. Qxc4 {212} Bb6 {280} 24. Be3 {25} Qd6 {261} 25. Qc2 {42} Rf6
{194} 26. a3 {40} Ra5 {40} 27. Rd1 {31} Rd5 {36} 28. h4 {97} c5 29. Ne5 {12}
cxd4 {28} 30. Bxd4 {42} Rxd4 {19} 31. Rxd4 {28} Qxd4 {8} 32. Nxg6 {33} Qxf2+ {6
} 33. Qxf2 {14} Bd4 {7} 0-1

[Event "TOP 12 Feminin_GroupeB"]
[Site "CHARTRES, France"]
[Date "2024.05.10"]
[Round "2.10"]
[White "ALEXIEVA, Silvia"]
[Black "HBAILI, Kiyane"]
[Result "1-0"]
[WhiteElo "2144"]
[BlackElo "1522"]
[PlyCount "85"]
[EventDate "2024.??.??"]
[WhiteTeam "Chalons en Champagne"]
[BlackTeam "Strasbourg"]

1. c4 {10} e6 {7} 2. g3 {18} Nf6 {125} 3. Nf3 {24} d5 {38} 4. Bg2 {24} Be7 {84}
5. O-O {32} O-O {19} 6. d4 {55} Nbd7 {486} 7. b3 {138} Re8 {587} 8. Bb2 {188}
c6 {176} 9. Qc2 {33} a5 {1219} 10. Nc3 {127} h6 {889} 11. Rfd1 {111} Rb8 {52}
12. e4 {358} dxe4 {226} 13. Nxe4 {8} Nxe4 {29} 14. Qxe4 {6} Nf6 {55} 15. Qf4 {
71} Bd6 {58} 16. Ne5 {66} Qc7 {150} 17. Rd3 {555} Rd8 {721} 18. Re1 {191} Bd7 {
126} 19. g4 {320} Be8 {404} 20. Bf1 {325} Nd7 {62} 21. g5 {403} h5 {189} 22.
Qh4 {359} g6 {116} 23. f4 {48} Nxe5 {98} 24. fxe5 {28} Bf8 {79} 25. Qe4 {216}
b5 {56} 26. c5 {30} Qd7 {31} 27. Rh3 {52} Qd5 {56} 28. Qe3 {163} Qd7 {23} 29.
Be2 {36} Qa7 {54} 30. a3 {78} a4 {66} 31. b4 {6} Qc7 {48} 32. Rf1 {63} Rd7 {29}
33. Rf4 {160} Bg7 {30} 34. Bf3 {93} Kf8 {30} 35. Qe4 {22} Kg8 {38} 36. Qxc6 {
245} Qxc6 {8} 37. Bxc6 {6} Rdd8 {18} 38. Bg2 {30} Rbc8 {39} 39. Rc3 {62} Bc6 {
51} 40. Bf1 {147} Bd5 {21} 41. Bxb5 {15} Ra8 {42} 42. Bc4 {12} Bc6 {16} 43. b5
{7} 1-0

[Event "TOP 12 Feminin_GroupeB"]
[Site "CHARTRES, France"]
[Date "2024.05.10"]
[Round "2.11"]
[White "HAROUTYUNYAN, Syuzanna"]
[Black "AFRAOUI, Anaelle"]
[Result "1-0"]
[WhiteElo "1594"]
[BlackElo "2145"]
[PlyCount "74"]
[EventDate "2024.??.??"]
[WhiteTeam "Strasbourg"]
[BlackTeam "Chalons en Champagne"]

1. e4 {4} c5 {15} 2. Nf3 {11} d6 {5} 3. d4 {160} cxd4 {7} 4. Nxd4 {9} Nf6 {18}
5. Nc3 {56} Nc6 {7} 6. Bc4 {74} e6 {35} 7. O-O {439} Be7 {25} 8. Bb3 {118} O-O
{38} 9. Be3 {193} Nxd4 {332} 10. Bxd4 {144} b6 {687} 11. f4 {237} Bb7 {21} 12.
Re1 {169} Rc8 {173} 13. a3 {151} a6 {247} 14. Qd3 {286} Qc7 {219} 15. Qe3 {467}
b5 {78} 16. Rad1 {244} Qc6 {666} 17. Re2 {475} Rfd8 {319} 18. Qf3 {1249} Nd7 {
818} 19. Qg3 {297} Bf8 {425} 20. f5 {377} Nc5 {484} 21. Bxg7 {447} f6 {345} 22.
Bxf6+ {115} Kf7 {6} 23. Bxd8 {46} Rxd8 {120} 24. fxe6+ {53} Ke8 {10} 25. e7 {65
} Bxe7 {14} 26. Qg8+ {19} Kd7 {7} 27. Qg4+ {50} Ke8 {241} 28. Bg8 {184} Bc8 {78
} 29. Qf4 {40} Be6 {112} 30. Bxe6 {43} Nxe6 {2} 31. Qf5 {26} Kd7 {111} 32. e5 {
44} Rf8 {1} 33. Qxh7 {31} Qc5+ {74} 34. Kh1 {28} Qd4 {47} 35. h3 {48} Qf4 {258}
36. exd6 {38} Rf7 {4} 37. dxe7+ {11} Ke8 {217} 1-0

[Event "TOP 12 Feminin_GroupeB"]
[Site "CHARTRES, France"]
[Date "2024.05.10"]
[Round "2.12"]
[White "MORACCHINI, Margaux"]
[Black "ROSSE, Eline"]
[Result "1-0"]
[WhiteElo "1972"]
[BlackElo "1509"]
[PlyCount "51"]
[EventDate "2024.??.??"]
[WhiteTeam "Chalons en Champagne"]
[BlackTeam "Strasbourg"]

1. e4 {8} e5 {7} 2. Nf3 {8} Nc6 {25} 3. d4 {13} exd4 {8} 4. Nxd4 {5} Bc5 {15}
5. Be3 {214} Qf6 {60} 6. c3 {8} Nge7 {75} 7. g3 {12} O-O {37} 8. Bg2 {58} d6 {
46} 9. O-O {99} Ne5 {210} 10. h3 {553} b6 {181} 11. b4 {241} Bxd4 {246} 12.
cxd4 {33} Nc4 {75} 13. Qc1 {1114} d5 {261} 14. exd5 {59} Nd6 {39} 15. Bg5 {391}
Qxd4 {108} 16. Bxe7 {40} Qxa1 {19} 17. Bxf8 {16} Kxf8 {21} 18. Qc4 {131} c6 19.
Qxc6 Qf6 {224} 20. Qc7 Be6 {408} 21. Nd2 Bf5 22. Re1 {540} Nb5 {350} 23. Qf4 {
552} Rd8 {359} 24. g4 {164} Bg6 {178} 25. Qe3 {295} Qb2 {320} 26. Qe7+ {8} 1-0

[Event "TOP 12 Feminin_GroupeB"]
[Site "CHARTRES, France"]
[Date "2024.05.11"]
[Round "3.1"]
[White "GARCIA MARIN, Marta"]
[Black "SAVINA, Anastasia"]
[Result "0-1"]
[WhiteElo "2342"]
[BlackElo "2331"]
[PlyCount "108"]
[EventDate "2024.??.??"]
[WhiteTeam "Marseille"]
[BlackTeam "Vandoeuvre"]

1. e4 {632} e5 {15} 2. Nf3 {8} Nc6 {10} 3. Bc4 {19} Bc5 {33} 4. d3 {29} d6 {63}
5. a4 {203} a5 {320} 6. Be3 {641} Bxe3 {1073} 7. fxe3 {6} Nf6 {95} 8. O-O {135}
O-O {252} 9. Nbd2 {112} Ne7 {455} 10. Qe1 {332} c6 {280} 11. Bb3 {351} Ng6 {140
} 12. Qg3 {618} Qe7 {274} 13. d4 {722} Be6 {441} 14. c4 {490} exd4 {1340} 15.
exd4 {66} Nh5 {9} 16. Qg5 {414} Qxg5 {213} 17. Nxg5 {4} Nhf4 {162} 18. Rfe1 {
167} c5 {104} 19. g3 {471} Nd3 {146} 20. Re3 {16} Nb4 {28} 21. d5 {470} Bd7 {
162} 22. Ngf3 {86} Rae8 {92} 23. Rae1 {38} f6 {6} 24. Bd1 {42} Bg4 {164} 25.
Kg2 {67} Bxf3+ {38} 26. Nxf3 {27} Re7 {23} 27. h4 {32} Rfe8 {129} 28. h5 {33}
Ne5 {3} 29. Nxe5 {5} Rxe5 {19} 30. g4 {59} Kf7 {200} 31. Kf3 {22} g6 {22} 32.
hxg6+ {33} hxg6 {3} 33. Rh1 {24} Kg7 {2} 34. Kg2 {39} Rh8 {48} 35. Rxh8 {20}
Kxh8 {2} 36. Kf3 {35} Kg7 {2} 37. Kf4 {31} g5+ {139} 38. Kf3 {35} Re8 {5} 39.
Kg3 {25} Rh8 {12} 40. Kg2 {28} Rh4 {50} 41. Rb3 {30} Rh8 {54} 42. Re3 {9} Re8 {
21} 43. Kf3 {21} Kf7 {38} 44. Kg2 {26} Kg6 {32} 45. Be2 {70} Nc2 {30} 46. Rh3 {
25} Rxe4 {31} 47. Kf2 {37} Rf4+ {14} 48. Kg3 {29} Rd4 {47} 49. Rh8 {29} Ne3 {24
} 50. b3 {31} Rd2 {21} 51. Kf2 {32} Nc2 {12} 52. Re8 {29} Nd4 {17} 53. Ke1 {25}
Rxe2+ {23} 54. Rxe2 {5} Nxe2 {2} 0-1

[Event "TOP 12 Feminin_GroupeB"]
[Site "CHARTRES, France"]
[Date "2024.05.11"]
[Round "3.2"]
[White "BEREND, Elvira"]
[Black "CORNILEAU, Juliette"]
[Result "1/2-1/2"]
[WhiteElo "2256"]
[BlackElo "1986"]
[PlyCount "54"]
[EventDate "2024.??.??"]
[WhiteTeam "Vandoeuvre"]
[BlackTeam "Marseille"]

1. Nf3 {66} d5 {568} 2. g3 {17} Nf6 {45} 3. d3 {96} Bf5 {243} 4. Bg2 {58} e6 {
287} 5. O-O {45} Be7 {27} 6. b3 {122} O-O {94} 7. Bb2 {18} c5 {190} 8. Nbd2 {
139} Nc6 {102} 9. Nh4 {188} Bg4 {97} 10. h3 {27} Bh5 {5} 11. Bf3 {1148} Bxf3 {
221} 12. Nhxf3 {102} d4 {469} 13. Re1 {521} Nd5 {256} 14. Nf1 {11} Bf6 {495}
15. N3d2 {185} h5 {141} 16. Ne4 {193} Be7 {49} 17. c4 {236} Nc7 {57} 18. e3 {
177} f5 {112} 19. Ned2 {6} dxe3 {703} 20. Rxe3 {65} h4 {88} 21. Qh5 {130} Bf6 {
271} 22. Bxf6 {92} Qxf6 {31} 23. Rae1 {15} Nd4 {131} 24. Re5 {280} Nc2 {195}
25. R1e2 {11} Nd4 {91} 26. Re1 {31} Nc2 {70} 27. R1e2 {41} Nd4 {9} 1/2-1/2

[Event "TOP 12 Feminin_GroupeB"]
[Site "CHARTRES, France"]
[Date "2024.05.11"]
[Round "3.3"]
[White "DELORME, Laurie"]
[Black "STEIL-ANTONI, Fiona"]
[Result "1-0"]
[WhiteElo "2075"]
[BlackElo "2106"]
[PlyCount "83"]
[EventDate "2024.??.??"]
[WhiteTeam "Marseille"]
[BlackTeam "Vandoeuvre"]

1. d4 {609} d5 {6} 2. c4 {29} e6 {6} 3. Nc3 {9} Be7 {6} 4. cxd5 {24} exd5 {8}
5. Bf4 {5} c6 {35} 6. e3 {23} Bf5 {52} 7. Nge2 {113} Nf6 {109} 8. Ng3 {45} Bg6
{19} 9. h4 {36} h6 {257} 10. h5 {71} Bh7 {2} 11. Bd3 {15} Bd6 {1387} 12. Be5 {
428} Bxd3 {285} 13. Qxd3 {35} Bxe5 {147} 14. dxe5 {10} Nfd7 {466} 15. f4 {553}
Nc5 {642} 16. Qe2 {144} Qb6 {667} 17. O-O-O {587} a5 {223} 18. Nf5 {137} a4 {
294} 19. Nxg7+ {769} Kf8 20. Nf5 {11} a3 {28} 21. g4 {189} axb2+ {113} 22. Qxb2
{59} Qa5 {181} 23. e6 {581} Rh7 {374} 24. e7+ {113} Ke8 {20} 25. Rhg1 {402} Ra6
{41} 26. Qc2 {253} Rb6 {145} 27. Nd6+ {15} Kxe7 {46} 28. Nc8+ {12} Kd8 {107}
29. Nxb6 {9} Rg7 {80} 30. Ncxd5 {194} Qa3+ {53} 31. Kb1 {11} cxd5 {24} 32.
Rxd5+ {5} Kc7 {178} 33. Rxc5+ {248} Kxb6 {11} 34. Rc3 {24} Qe7 {44} 35. Qb2+ {
100} Ka7 {7} 36. Ra3+ {11} Na6 {2} 37. Rxa6+ {24} Kxa6 {13} 38. Qxg7 {18} Qxe3
{25} 39. Rc1 {42} Qxf4 {34} 40. g5 {25} hxg5 {69} 41. h6 {26} f6 {9} 42. Qc7 {
43} 1-0

[Event "TOP 12 Feminin_GroupeB"]
[Site "CHARTRES, France"]
[Date "2024.05.11"]
[Round "3.4"]
[White "THOMAS, Anysia"]
[Black "PERLES, Eva"]
[Result "1/2-1/2"]
[WhiteElo "2167"]
[BlackElo "1710"]
[PlyCount "123"]
[EventDate "2024.??.??"]
[WhiteTeam "Vandoeuvre"]
[BlackTeam "Marseille"]

1. d4 {3} Nf6 {640} 2. c4 {4} e6 {20} 3. Nf3 {5} d5 {12} 4. g3 {13} Be7 {20} 5.
Bg2 {6} O-O {37} 6. O-O {5} dxc4 {24} 7. Ne5 {122} Nc6 {74} 8. Nxc6 {242} bxc6
{9} 9. Nc3 {76} Rb8 {94} 10. Qa4 {482} Rb6 {617} 11. Qxc4 {592} Rb4 {391} 12.
Qd3 {200} Rxd4 {47} 13. Qc2 {7} Nd5 {50} 14. e3 {986} Rc4 {302} 15. Rd1 {34}
Ba6 {197} 16. Bf1 {469} Qb8 {675} 17. Bxc4 {400} Bxc4 {15} 18. b3 {276} Nxc3 {
227} 19. Qxc3 {132} Be2 {493} 20. Bb2 {459} Bf6 {72} 21. Rd4 {7} Bxd4 {447} 22.
Qxd4 {4} f6 {76} 23. Re1 {19} Bf3 {287} 24. Qf4 {90} Bd5 {211} 25. e4 {144} e5
{16} 26. Qc1 {137} Bf7 {93} 27. Qxc6 {35} Qb6 {95} 28. Qd7 {357} c5 {184} 29.
Rd1 {102} c4 {99} 30. Ba3 {39} Rb8 {153} 31. bxc4 {347} Bxc4 {113} 32. Qe7 {140
} h6 {126} 33. Bc5 {142} Qb7 {126} 34. Qd6 {245} Bxa2 {141} 35. Ra1 {4} Bc4 {13
} 36. Bxa7 {51} Ra8 {36} 37. Qc5 {138} Rc8 {81} 38. Qe3 {25} Ra8 {34} 39. f3 {
99} Qb2 {51} 40. Re1 {14} Qb3 {57} 41. Qc5 {24} Qa4 {59} 42. Rc1 {70} Qxa7 {12}
43. Rxc4 {22} Qxc5+ {18} 44. Rxc5 {3} Ra2 {12} 45. Rc7 {21} Kh7 {34} 46. h4 {19
} Re2 {67} 47. h5 {5} Kg8 {17} 48. Rd7 {41} Kf8 {20} 49. Ra7 {50} Kg8 {11} 50.
Ra4 {23} Kf8 {48} 51. Rb4 {34} Kg8 {24} 52. Rb8+ {75} Kf7 {1} 53. Rb7+ {6} Kf8
{20} 54. Rb4 {58} Kg8 {6} 55. f4 {5} Kf7 {42} 56. Rb7+ {67} Kf8 {35} 57. Rb4 {
29} Kf7 {8} 58. f5 {40} Kf8 {11} 59. Rc4 {23} Kf7 {18} 60. Kf1 {50} Rh2 {19}
61. Kg1 {9} Re2 {28} 62. Kf1 {8} 1/2-1/2

[Event "TOP 12 Feminin_GroupeB"]
[Site "CHARTRES, France"]
[Date "2024.05.11"]
[Round "3.5"]
[White "BUKSA, Nataliya"]
[Black "BROLY, Mathilde"]
[Result "1-0"]
[WhiteElo "2383"]
[BlackElo "2097"]
[PlyCount "83"]
[EventDate "2024.??.??"]
[WhiteTeam "Chalons en Champagne"]
[BlackTeam "Clichy"]

1. e4 {3} e5 {9} 2. Nf3 {7} Nc6 {20} 3. Bc4 {20} Bc5 {59} 4. d3 {6} Nf6 {123}
5. Nc3 {5} d6 {168} 6. Na4 {80} Bb6 {195} 7. a3 {30} Be6 {198} 8. Bxe6 {203}
fxe6 {8} 9. O-O {58} O-O {60} 10. b4 {3} Qe8 {169} 11. Bb2 {263} Nh5 {398} 12.
Nxb6 {189} axb6 {9} 13. g3 {42} Nf6 {313} 14. Kg2 {576} Qh5 {310} 15. c4 {244}
Nd7 {358} 16. d4 {424} Qxf3+ {1770} 17. Qxf3 {14} Rxf3 {6} 18. Kxf3 {2} exd4 {8
} 19. Ke2 {166} Nde5 {227} 20. Rac1 {236} Rf8 {52} 21. f4 {231} Ng4 {37} 22. b5
{26} Na5 {43} 23. Bxd4 {47} Nb3 {65} 24. Rcd1 {79} Nxh2 {283} 25. Rh1 {4} Ng4 {
8} 26. Rh4 {905} Nxd4+ {321} 27. Rxd4 {4} Nh6 {6} 28. Rd3 {189} Ra8 {100} 29.
Rh1 {162} Ra4 {93} 30. e5 {265} Nf7 {30} 31. c5 {343} dxe5 {493} 32. cxb6 {43}
Rc4 {7} 33. Rd7 {65} cxb6 {28} 34. Rxb7 {3} h6 {95} 35. Rxb6 {44} exf4 {29} 36.
gxf4 {4} e5 {136} 37. Rc6 {291} Re4+ {51} 38. Kd3 {3} Rxf4 {60} 39. b6 {18} Nd8
{38} 40. Rc8 {49} Rd4+ {6} 41. Kc2 {50} Kh7 {54} 42. Rd1 {8} 1-0

[Event "TOP 12 Feminin_GroupeB"]
[Site "CHARTRES, France"]
[Date "2024.05.11"]
[Round "3.6"]
[White "COCHET, Caroline"]
[Black "ALEXIEVA, Silvia"]
[Result "0-1"]
[WhiteElo "1972"]
[BlackElo "2144"]
[PlyCount "70"]
[EventDate "2024.??.??"]
[WhiteTeam "Clichy"]
[BlackTeam "Chalons en Champagne"]

1. e4 {34} c5 {14} 2. Nf3 {117} e6 {27} 3. d3 {115} Nc6 {21} 4. g3 {200} Nf6 {
19} 5. Bg2 {173} d5 {33} 6. e5 {48} Nd7 {8} 7. Qe2 {387} h6 {330} 8. h4 {74} b5
{47} 9. Bf4 {504} Be7 {176} 10. Nbd2 {407} a5 {101} 11. c3 {627} Ba6 {211} 12.
b3 {354} a4 {400} 13. h5 {536} Nb6 {412} 14. O-O {366} Ra7 {75} 15. g4 {196}
O-O {439} 16. Rfe1 {314} Kh7 {94} 17. Qe3 {393} Rh8 {568} 18. Nf1 {175} Rc7 {74
} 19. g5 {144} hxg5 {56} 20. Nxg5+ {92} Kg8 {26} 21. Ng3 {91} d4 {61} 22. cxd4
{39} cxd4 {334} 23. Qd2 {348} Nb4 {238} 24. Rac1 {92} Rxc1 {100} 25. Rxc1 {20}
N6d5 {5} 26. N5e4 {103} Nxf4 {102} 27. Qxf4 {76} Nxd3 {25} 28. Qd2 {20} Nxc1 {
17} 29. Qxc1 {4} d3 {71} 30. Qd2 {22} b4 {116} 31. Bf1 {46} a3 {147} 32. f4 {17
} Qd4+ {61} 33. Kg2 {37} Kh7 {60} 34. Nf2 {17} Rc8 {73} 35. Nxd3 {39} Rc3 {50}
0-1

[Event "TOP 12 Feminin_GroupeB"]
[Site "CHARTRES, France"]
[Date "2024.05.11"]
[Round "3.7"]
[White "AFRAOUI, Anaelle"]
[Black "BONVALOT, Isabelle"]
[Result "1-0"]
[WhiteElo "2145"]
[BlackElo "1924"]
[PlyCount "39"]
[EventDate "2024.??.??"]
[WhiteTeam "Chalons en Champagne"]
[BlackTeam "Clichy"]

1. e4 {10} g6 {6} 2. d4 {4} c6 {19} 3. Nc3 {49} d5 {27} 4. h3 {57} Bg7 {58} 5.
Nf3 {37} dxe4 {620} 6. Nxe4 {16} Bf5 {110} 7. Ng3 {542} Be6 {214} 8. c3 {354}
h6 {237} 9. Bd3 {327} Nf6 {50} 10. O-O {207} O-O {233} 11. Re1 {134} Bc8 {238}
12. Qe2 {490} Re8 {112} 13. Ne5 {417} e6 {363} 14. Ne4 {213} Nbd7 {129} 15. Nd6
{469} Re7 {161} 16. Ndxf7 {233} Qc7 {349} 17. Nxh6+ {176} Bxh6 {90} 18. Bxh6 {
11} Nxe5 {13} 19. dxe5 {63} Rh7 {62} 20. Qd2 {219} 1-0

[Event "TOP 12 Feminin_GroupeB"]
[Site "CHARTRES, France"]
[Date "2024.05.11"]
[Round "3.8"]
[White "MONTIER, Mathilde"]
[Black "MORACCHINI, Margaux"]
[Result "0-1"]
[WhiteElo "1199"]
[BlackElo "1972"]
[PlyCount "62"]
[EventDate "2024.??.??"]
[WhiteTeam "Clichy"]
[BlackTeam "Chalons en Champagne"]

1. e4 {105} c5 {101} 2. Nf3 {9} d6 {22} 3. d4 {27} cxd4 {15} 4. Nxd4 {7} Nf6 {
25} 5. Nc3 {25} a6 {28} 6. h3 {81} e6 {120} 7. Bd3 {107} Be7 {46} 8. O-O {137}
O-O {155} 9. Re1 {109} b5 {457} 10. Be3 {501} e5 {321} 11. Nf3 {101} h6 {448}
12. Qd2 {407} Be6 {78} 13. Ne2 {376} Nbd7 {352} 14. c3 {180} Nb6 {285} 15. b3 {
200} Rc8 {135} 16. Nh2 {309} d5 {221} 17. f4 {396} dxe4 {106} 18. Bc2 {108} Bc5
{566} 19. Kh1 {369} Bxe3 {137} 20. Qxe3 {24} Nbd5 {47} 21. Qc1 {296} exf4 {50}
22. Nxf4 {66} Rxc3 {128} 23. Nxe6 {193} fxe6 {43} 24. Qb2 {67} e3 {112} 25.
Rad1 {113} Qc7 {106} 26. Bg6 {83} Nf4 {94} 27. Bb1 {82} N6d5 {60} 28. Nf3 {160}
Nxh3 29. gxh3 {40} Rxf3 {5} 30. Be4 {52} Rf2 {25} 31. Qb1 {47} Qh2# {4} 0-1

[Event "TOP 12 Feminin_GroupeB"]
[Site "CHARTRES, France"]
[Date "2024.05.11"]
[Round "3.9"]
[White "CRAMLING, Pia"]
[Black "HAROUTYUNYAN, Erika"]
[Result "1-0"]
[WhiteElo "2449"]
[BlackElo "1501"]
[PlyCount "47"]
[EventDate "2024.??.??"]
[WhiteTeam "Monaco"]
[BlackTeam "Strasbourg"]

1. d4 {151} Nf6 {18} 2. Nf3 {30} e6 {31} 3. c4 {41} d5 {12} 4. Bg5 {35} b6 {480
} 5. Nc3 {108} Bb7 {149} 6. cxd5 {191} Bxd5 {747} 7. e4 {224} Bb7 {87} 8. Bb5+
{187} c6 {226} 9. Bd3 {28} Be7 {1075} 10. Qe2 {274} Nbd7 {260} 11. Rd1 {308} a5
{836} 12. O-O {192} O-O {145} 13. e5 {752} Nd5 {790} 14. Qe4 {41} g6 {92} 15.
Qh4 {471} f6 {255} 16. exf6 {19} Bxf6 {289} 17. Rfe1 {412} Nxc3 {245} 18. bxc3
{7} c5 {173} 19. Be4 {74} Bxe4 {64} 20. Rxe4 {8} cxd4 {29} 21. Rexd4 {79} Ra7 {
41} 22. Bxf6 {74} Rxf6 {33} 23. Ne5 {33} Rf5 {35} 24. Qxd8+ {8} 1-0

[Event "TOP 12 Feminin_GroupeB"]
[Site "CHARTRES, France"]
[Date "2024.05.11"]
[Round "3.10"]
[White "HBAILI, Kiyane"]
[Black "BELENKAYA, Dina"]
[Result "0-1"]
[WhiteElo "1522"]
[BlackElo "2179"]
[PlyCount "42"]
[EventDate "2024.??.??"]
[WhiteTeam "Strasbourg"]
[BlackTeam "Monaco"]

1. e4 {4} c6 {500} 2. d4 {16} d5 {6} 3. e5 {13} Qc7 {83} 4. c3 {292} c5 {87} 5.
Nf3 {691} Bg4 {94} 6. Be2 {41} Nc6 {35} 7. Be3 {188} e6 {43} 8. O-O {177} Nge7
{59} 9. h3 {64} Bxf3 {51} 10. Bxf3 {53} Nf5 {11} 11. Qd3 {682} Be7 {37} 12. Be2
{891} O-O {78} 13. g4 {357} cxd4 {344} 14. cxd4 {370} Nb4 {953} 15. Qd2 {631}
Nxe3 {35} 16. fxe3 {209} f6 {111} 17. Rc1 {477} Nc6 {27} 18. Kg2 {408} fxe5 {21
} 19. dxe5 {145} Qxe5 {38} 20. Nc3 {80} Bh4 {73} 21. Bf1 {82} Qg3+ {31} 0-1

[Event "TOP 12 Feminin_GroupeB"]
[Site "CHARTRES, France"]
[Date "2024.05.11"]
[Round "3.11"]
[White "DORBUSCH, Tatiana"]
[Black "SINIVASSANE, Roja"]
[Result "1-0"]
[WhiteElo "2197"]
[BlackElo "1589"]
[PlyCount "65"]
[EventDate "2024.??.??"]
[WhiteTeam "Monaco"]
[BlackTeam "Strasbourg"]

1. d4 {7} Nf6 {107} 2. Nf3 {24} g6 {49} 3. g3 {7} Bg7 {34} 4. Bg2 {20} O-O {39}
5. c4 {8} d6 {40} 6. Nc3 {33} Nbd7 {39} 7. O-O {343} e5 {51} 8. e4 {7} exd4 {
372} 9. Nxd4 {3} Ne5 {46} 10. b3 {105} Nfd7 {297} 11. f4 {242} c5 {250} 12.
Nde2 {386} Nc6 {85} 13. Be3 {338} Nf6 {307} 14. h3 {183} a6 {135} 15. Qd2 {26}
Re8 {266} 16. Rad1 {76} Bf8 {603} 17. Kh2 {143} Qe7 {277} 18. Nd5 {634} Nxd5 {
82} 19. cxd5 {25} Na7 {97} 20. e5 {196} Nb5 {436} 21. a4 {763} Na7 {55} 22. Nc3
{47} f5 {192} 23. Rfe1 {114} b5 {152} 24. Bxc5 {337} Qd7 {373} 25. exd6 {575}
Bb7 {489} 26. Rxe8 {173} Qxe8 {63} 27. Qe1 {81} Qd7 {109} 28. Qe6+ {16} Qxe6 {
33} 29. dxe6 {4} Bxg2 {23} 30. Kxg2 {6} bxa4 {145} 31. Nxa4 {35} Nc6 {54} 32.
e7 {71} Bg7 {184} 33. d7 {19} 1-0

[Event "TOP 12 Feminin_GroupeB"]
[Site "CHARTRES, France"]
[Date "2024.05.11"]
[Round "3.12"]
[White "ROSSE, Eline"]
[Black "ZVEREVA, Marija"]
[Result "0-1"]
[WhiteElo "1509"]
[BlackElo "2049"]
[PlyCount "70"]
[EventDate "2024.??.??"]
[WhiteTeam "Strasbourg"]
[BlackTeam "Monaco"]

1. d4 {2} Nf6 {50} 2. c4 {11} d6 {33} 3. Nc3 {31} Nbd7 {12} 4. Nf3 {23} e5 {13}
5. dxe5 {166} dxe5 {74} 6. e4 {23} c6 {20} 7. Bd3 {34} Be7 {85} 8. O-O {74} O-O
{19} 9. Bg5 {66} Qc7 {69} 10. Qc2 {93} Nc5 {59} 11. Rad1 {82} Bg4 {259} 12. Be2
{115} Ne6 {70} 13. Be3 {353} Bc5 {339} 14. Rd3 {198} Bxe3 {597} 15. fxe3 {39}
Nc5 {52} 16. Rd2 {234} a5 {110} 17. Rfd1 {355} Bh5 {407} 18. Nh4 {324} Bg6 {123
} 19. Nxg6 {66} hxg6 {3} 20. Bf3 {21} Rfd8 {61} 21. a3 {181} Ne6 {143} 22. g3 {
186} Rxd2 {221} 23. Rxd2 {35} Ng5 {320} 24. Bg2 {315} Ng4 {587} 25. Rd3 {224}
Nf6 {457} 26. h3 {514} Kf8 {11} 27. b4 {128} axb4 {26} 28. axb4 {7} Ke7 {58}
29. b5 {35} Qa5 {175} 30. Qb3 {108} c5 {692} 31. Nd5+ {101} Nxd5 {14} 32. exd5
{6} Qe1+ {27} 33. Kh2 {61} Qf2 {452} 34. Qd1 {307} Ra2 {17} 35. d6+ {112} Kd8 {
9} 0-1